000 00650nam a2200181 a 4500
001 000028780
005 20200930055131.0
008 110412s1992 dr 000 0 spa d
040 _aDO-SdBNP
_bspa
_cBNPHU
082 _axxx
_bC3978d
110 2 _aCentro Nacional de Investigaciones en Salud Materno Infantil
_955757
245 1 0 _aDeficiencia de vitamina A en la República Dominicana y acciones para su mejoría /
_ceditor Hugo R. Mendoza.
260 _aSanto Domingo :
_bCENISMI,
_c1992.
300 _a61 p. ;
_c28 cm.
490 1 _aReuniones técnicas
_vv. 1
700 1 _aMendoza, Hugo R.,
_eed.
_96390
830 0 _aReuniones técnicas
_vv. 1
_955759
999 _c28272
_d28272